Music Quiz

Random Music or Song Quiz

30 Essential Post-Rock Bands Quiz Stats

Quiz not verified by Sporcle

Challenge
Share
Tweet
Embed
Score 0/30 Timer 10:00
0 Plays Today
Song Title Artist % Correct
'Svefn-g-englar'Sigur Rós
100%
'Don, Aman'Slint
78.6%
'Blaise Bailey Finnegan III'Godspeed You! Black Emperor
71.4%
'Djed'Tortoise
42.9%
'Helicon 1'Mogwai
42.9%
'Smell Memory'Múm
35.7%
'First Breath After Coma'Explosions in the Sky
35.7%
'Distant Shore'Dirty Three
28.6%
'Atlas'Battles
28.6%
'Gone'M83
21.4%
'The Summer Ends'American Football
14.3%
'Been a Long Time Cousin'Hella
14.3%
'Enjoy Your Worries You May Never Have Them Again'The Books
14.3%
'Last Day of Winter'Pelican
14.3%
'They Move on Tracks of Never-Ending Light'This Will Destroy You
14.3%
Song Title Artist % Correct
'Bright Tomorrow'**** Buttons
14.3%
'The Audio Pool'The Album Leaf
7.1%
'Alphabet'Dilute
7.1%
'Sharpshooter'From Monument to Masses'
7.1%
'What is Your Landmass'Dianogah
0%
'Headphoneland: The Gangster Chapter'Mice Parade
0%
'Drive Until He Sleeps'Ui
0%
'Look at That Car It's Full of Balloons'A Minor Forest
0%
'Steede Bonnet'Tarentel
0%
'A Little Distance'Tristeza
0%
'Aaron & Maria'The American Analog Set
0%
'Where Are the Timpani Heartbeats'The Six Parts Seven
0%
'Broken Ballad'Grails
0%
'Water From the Same Source'Rachel's
0%
'In Search of the Miraculous'Mark McGuire
0%

You're not logged in!

Compare scores with friends on all Sporcle quizzes.
Sign Up with Email
OR
Log In

You Might Also Like...

Show Comments

Extras

Top Quizzes Today


Score Distribution

Your Account Isn't Verified!

In order to create a playlist on Sporcle, you need to verify the email address you used during registration. Go to your Sporcle Settings to finish the process.